000
00291nam a2200109Ia 4500
008
230907s9999||||xx |||||||||||||| ||und||
082
_a
720.28
_b
BRI
100
_a
Brightman, Michael,
_9
115875
245
4
_a
The SketchUp workflow for architecture :
300
_a
vii, 499 pages :
942
_c
BK
999
_c
600029
_d
600029